|
|
|
|
| LEADER |
00000cam a22000004a 4500 |
| 001 |
musev2_5095 |
| 003 |
MdBmJHUP |
| 005 |
20230905040618.0 |
| 006 |
m o d |
| 007 |
cr||||||||nn|n |
| 008 |
050818s2006 nyu o 00 0 eng d |
| 010 |
|
|
|z 2005024123
|
| 020 |
|
|
|a 9780791481387
|
| 020 |
|
|
|z 0791468135
|
| 020 |
|
|
|z 9780791468135
|
| 035 |
|
|
|a (OCoLC)85868381
|
| 040 |
|
|
|a MdBmJHUP
|c MdBmJHUP
|
| 043 |
|
|
|a n-us---
|
| 050 |
0 |
4 |
|a PN1995.9.D4
|b G38 2006
|
| 082 |
0 |
|
|a 791.43/6556
|2 22
|
| 100 |
1 |
|
|a Gates, Philippa,
|d 1973-
|
| 245 |
1 |
0 |
|a Detecting Men :
|b Masculinity and the Hollywood Detective Film /
|c Philippa Gates.
|
| 264 |
|
1 |
|a Albany :
|b State University of New York Press,
|c 2006.
|
| 264 |
|
3 |
|a Baltimore, Md. :
|b Project MUSE,
|c 2012
|
| 264 |
|
4 |
|c ©2006.
|
| 300 |
|
|
|a 1 online resource (356 pages):
|b ill. ;
|
| 336 |
|
|
|a text
|b txt
|2 rdacontent
|
| 337 |
|
|
|a computer
|b c
|2 rdamedia
|
| 338 |
|
|
|a online resource
|b cr
|2 rdacarrier
|
| 490 |
0 |
|
|a SUNY series, cultural studies in cinema/video
|
| 504 |
|
|
|a Includes bibliographical references (p. 317-335) and index.
|
| 504 |
|
|
|a Filmography: p. 301-316.
|
| 505 |
0 |
|
|a Introduction: the case -- The myths of masculinity -- Investigating national heroes: British sleuths and American dicks -- Investigating crisis: neo-noir heroes and femmes fatales -- Investigating crisis: the spectacle of "musculinity" -- Investigating the hero: the criminalist -- Investigating the "other": race and the detective -- Investigating the "other": women and youth -- Investigating the "other": the cult of villainy -- End of the investigation: case closed.
|
| 588 |
|
|
|a Description based on print version record.
|
| 650 |
|
0 |
|a Masculinity in motion pictures.
|
| 650 |
|
0 |
|a Detective and mystery films
|z United States
|x History and criticism.
|
| 655 |
|
7 |
|a Electronic books.
|2 local
|
| 710 |
2 |
|
|a Project Muse.
|e distributor
|
| 830 |
|
0 |
|a Book collections on Project MUSE.
|
| 856 |
4 |
0 |
|z Texto completo
|u https://projectmuse.uam.elogim.com/book/5095/
|
| 945 |
|
|
|a Project MUSE - Custom Collection
|
| 945 |
|
|
|a Project MUSE - Archive Complete Foundation
|
| 945 |
|
|
|a Project MUSE - Archive Film, Theater and Performing Arts Foundation
|